000 00578nam a2200193Ia 4500
005 20250508164032.0
008 008 250505s9999 xx 000 0 eng d
037 _aReference
040 _aFEDL
_beng
_cFEDL
041 _aeng
_2eng
084 _a401.93, KRA/RR
_qFEDL
100 _aKramsch Claire Ed.
_9141909
245 0 _aLanguage acquisition and language socialization: Ecological perspectives
260 _aNew York, USA
_bContinuum
_c2002
300 _axvi,308p.
365 _aGBP
_b19.99
942 _cREF
_h401.93, KRA/RR
999 _c1386697
_d1386697